00780nam a2200229 i 450000500170000000800410001702000150005804000350007304100080010808200180011610000450013424500910017925000220027026400430029230000250033533600270036033700330038733800280042065000310044865000410047965000300052020220316235750.0121119s2002 ck gs 000 0 spa d a9588159393 aCO-BoRNBPbspacCO-BoRNBPerda0 aspa04a498.39 bR23e1 aReinoso Galindo, Andrés Eduardoeautor10aElementos para una gramática de la lengua piapoco cAndrés Eduardo Reinoso Galindo aPrimera edición 1aBogotá bMinisterio de Culturac2002 a380 páginasc23 cm atextobtxt2rdacontent asin mediaciónbn2rdamedia avolumenbnc2rdacarrier14aPiapocoxGramática2LEMB14aLenguas indígenas xColombia2LEMB14aPiapocoxFonética2LEMB